Normal view MARC view

Entry Nombre personal

Number of records used in: 1

001 - NÚMERO DE CONTROL

  • campo de control: 389

003 - IDENTIFICADOR DE NÚMERO DE CONTROL

  • campo de control: DLC

005 - FECHA Y HORA DE LA ÚLTIMA TRANSACCIÓN

  • campo de control: 20260209102447.0

008 - ELEMENTOS DE DATO DE LONGITUD-FIJA

  • campo de control de longitud fija: 890630n| acannaab| |n aaa ||| c

010 ## - NÚMERO DE CONTROL DE LA BIBLIOTECA DEL CONGRESO

  • Número de control de LC: n 88257306

040 ## - FUENTE DE CATALOGACIÓN

  • Centro catalogador/agencia de origen: PPiU
  • Centro/agencia transcriptor: DLC
  • Centro/agencia modificador: DLC

100 10 - ENCABEZAMIENTO-NOMBRE DE PERSONA

  • Nombre de persona: Casanova, Eduardo

670 ## - FUENTE DE DATOS ENCONTRADOS

  • Cita de la fuente: His El Pucará de Tilcara, 1970:
  • Información encontrada: t.p. (Eduardo Casanova) p. 56 (Dr. Eduardo Casanova, Director, Museo del Pucará)

670 ## - FUENTE DE DATOS ENCONTRADOS

  • Cita de la fuente: LC in OCLC, 3-15-89
  • Información encontrada: (hdg.: Casanova, Eduardo)